000 00509cam a2200169 a 4500
001 000009067
005 20200929161458.0
008 810320s1964 ag 000 j spa d
040 _aDO-SdBNP
_bspa
_cBNPHU
082 _aA863.4
_bC827f
100 1 _aCortázar, Julio,
_d1914-1984
_910688
245 1 0 _aFinal del juego /
_cJulio Cortázar.
260 _aBuenos Aires, Argentina :
_bSudamericana,
_c1964.
300 _a195 p. ;
_c19 cm.
650 4 _aCuentos argentinos
_93752
650 4 _aLiteratura argentina
_93860
999 _c8831
_d8831